000 00414nam a2200181Ia 4500
001 10914
005 20260306161907.0
008 260306t1999||||xx |||||||||||||| ||spa||
041 _aESP
082 _a980.03
_bCH547
100 _aChevalier, Francois
_eAUT
245 0 _aAmerica latina
260 _c1999
300 _a777 páginas :
_c23 cm.
650 _aGEN
654 _aCHU
942 _cLIB
_dJUS
_fJUS
_2ddc
_n
999 _c10914
_d10914